| 000 | 00599nam a22001937a 4500 | ||
|---|---|---|---|
| 999 |
_c153646 _d153646 |
||
| 005 | 20181218161658.0 | ||
| 010 | _aENG-123409 | ||
| 020 |
_c395.00 _a10HE000045 |
||
| 035 | _aEN-106941 | ||
| 037 | _bDBAD/PUB | ||
| 082 | _a540 | ||
| 245 | 0 | 0 |
_aObjective chemistry for NEET volume 1 / _ccomplied by Experts from Kota |
| 260 |
_aNew Delhi _bS. Chand and Company _c2017 |
||
| 270 |
_a7361, Ram Nagar, _bNew Delhi _e110055 |
||
| 300 |
_avarious paging. _c27cm(pbk) _bill. |
||
| 500 | _aIt includes NEET 2017 questions with answers | ||
| 942 |
_2ddc _cEN _mOBJ _h540 |
||